书目信息 |
| 题名: |
行素斋杂记
|
|
| 作者: | 继昌 著 | |
| 分册: | ||
| 出版信息: | 上海 上海书店 1984 |
|
| 页数: | 页数不连 | |
| 开本: | 19cm | |
| 丛书名: | 清代历史资料丛刊 | |
| 单 册: | ||
| 中图分类: | K249.06 | |
| 科图分类: | ||
| 主题词: | 中国--历史 | |
| 电子资源: | ||
| ISBN: | ||
| 000 | 00657nam0 2200253 45 | |
| 001 | 0184013042 | |
| 005 | 20040509092454.2 | |
| 010 | @dCNY0.70 | |
| 100 | @a19950411d1984 em y0chiy0121 ea | |
| 101 | 0 | @achi |
| 102 | @aCN@b310000 | |
| 105 | @ay z 000yy | |
| 106 | @ar | |
| 200 | 10 | @a行素斋杂记@Axing su zhai za ji@f(清)继昌著 |
| 210 | @a上海@c上海书店@d1984 | |
| 215 | @a页数不连@d19cm | |
| 225 | @a清代历史资料丛刊 | |
| 410 | @12001 @a清代历史资料丛刊 | |
| 606 | 0 | @a中国@x历史 |
| 690 | @aK249.06@v3 | |
| 701 | 0 | @a继昌@Aji chang@4著 |
| 801 | 0 | @aCN@b上海图书馆@c20040509 |
| 801 | 2 | @aCN@bNLC@c20040509 |
| 905 | @f4@b123258-261@dK249.06@e17 | |
| 行素斋杂记/(清)继昌著.-上海:上海书店,1984 |
| 页数不连;19cm.-(清代历史资料丛刊) |
| ISBN :CNY0.70 |
| ● |
| 相关链接 |
|
|
|
|
正题名:行素斋杂记
索取号:K249.06/17
 
预约/预借
| 序号 | 登录号 | 条形码 | 馆藏地/架位号 | 状态 | 备注 |
| 1 | 0123258 | 000581418 | 第二借阅区/ [索取号:K249.06/17] | 在馆 | |
| 2 | 0123259 | 000581427 | 第二借阅区/ [索取号:K249.06/17] | 在馆 | |
| 3 | 0123260 | 000581445 | 第二借阅区/ [索取号:K249.06/17] | 在馆 | |
| 4 | 0123261 | 000581374 | 第二借阅区/ [索取号:K249.06/17] | 在馆 |